000 01212cad a2200265 4500
008 000000n2008 000 0 eng u
020 _a9780470680087
035 _a(Sirsi) u100815
041 _aeng
050 _a624.08 $2 18
100 _aEggleston, Brian
245 4 _aThe ICE conditions of contract
_bseventh edition[electronic resource]
250 _a2nd ed.
260 _aOxford
_bWiley-Blackwell
_c2008
300 _aeBook
350 _a57.50
520 _aThe ICE Conditions of Contract, published by the Institution of Civil Engineers, is the main form of contract for civil engineering work in the UK. This eBook provides a commentary on the contract clause by clause, with reference to appropriate legal cases and legislation. It has been substantially rewritten to take account of the Seventh Edition of the Conditions and to include far more case law.
650 _aCIVIL ENGINEERING CONTRACTS
650 2 4 _aEBOOK
650 _aICE CONDITIONS OF CONTRACT 7TH EDITION
650 _aENGINEERING CONTRACTS
690 _aBUILT ENVIRONMENT-BUILDING CONTRACT FORMS
856 4 0 _uhttps://www.vlebooks.com/
_zView on VLEbooks. Logins for members only from [email protected]
942 _n0
999 _c99851
_d99851